000 00487nam a2200157Ia 4500
008 210210b1974 xxu||||| |||| 00| 0 eng d
020 _a0 226 42981 4
082 _a330.9052 KELL
100 _aKELLEY (Allen C) and Williamson (Williamson Jeffrey G).
245 _aLessons from Japanese development: an analytical economic history.
260 _aChicago
_bThe University of Chicago Press
_c1974
300 _axvi,285
650 _aJapan
690 _aEconomic History
906 _a031624
999 _c82681
_d82681